Na okraj historických povídek

Bibliographic Details
Main Author: Ivanov, Miroslav, 1929-1999 (Author)
Format: Article
Language:Czech
Subjects:

MARC

LEADER 00000nab a2200000uu 4500
001 vtls011505335
003 SK-MaSNL
005 20260304030015.0
008 250310|1960 xo |||||||||||||||||cze|
015 |a SNBRB 
035 |a (urnnbn)urn:nbn:sk:snk:ar-a0ans9 
035 |a (uuid)d38208db-1363-4855-a13f-bf24de8d4245 
035 |a urn:nbn:sk:snk-abdyrz 
040 |a SNKBUCL  |b slo  |c SNKBUCL  |e AACR2 
041 0 |a cze 
044 |a xo  |c SK 
100 1 |a Ivanov, Miroslav,  |d 1929-1999  |4 aut  |9 88449 
245 1 0 |a Na okraj historických povídek  |c Miroslav Ivanov 
650 0 7 |a české poviedky  |2 SNKPH  |9 368397 
650 0 7 |a historické poviedky  |2 SNKPH  |9 969066 
655 7 |a recenzie  |2 SNKPH  |9 21907 
773 0 |t Zlatý máj : kritická revue tvorby pro mládež  |g Roč. 4, č. 1 (1960), s. 33-34 
787 0 8 |i Rec.:  |a Kaplický, Václav  |t O věrnosti a zradě  |d Praha : Státní nakladatelství dětské knihy, 1959 
958 |a OND 
958 |a article20 
999 |c 2631139  |d 2633069